Amazing Senses

Bibliographic Details
Main Author: Inserra,Rose
Format: Book
Published: Singapore : ETA Cuisenaire , 2001
Subjects:

MARC

LEADER 00000cam a2200000 7i4500
001 0000007647
005 20151222.0
008 070904
020 |a 0740627880 
090 0 0 |a JF   |b NH ENG (8618) 
100 1 |a Inserra,Rose 
245 0 0 |a Amazing Senses   |c Rose Inserra 
260 |a Singapore :   |b ETA Cuisenaire ,   |c 2001 
500 |a Children ages 7-9 years old (orange) 
650 0 |a Animals   |x Juvenile literature 
999 |a 0000990807   |b Book   |c Children Collection   |e Perbadanan Perpustakaan Awam Johor 
999 |a 0000990808   |b Book   |c Children Collection   |e Perbadanan Perpustakaan Awam Johor 
999 |a 0000990811   |b Book   |c Children Collection   |e Perbadanan Perpustakaan Awam Johor